MENTOR AGRICULTURE: LEARNER'S BOOK, GRADE 10 (Record no. 216772)

MARC details
000 -LEADER
fixed length control field 00499nam a22001577a 4500
008 - FIXED-LENGTH DATA ELEMENTS--GENERAL INFORMATION
fixed length control field 260303b |||||||| |||| 00| 0 eng d
020 ## - INTERNATIONAL STANDARD BOOK NUMBER
International Standard Book Number 978-9914-709-74-2
100 ## - MAIN ENTRY--PERSONAL NAME
Personal name WAWERU, GEORGE
245 ## - TITLE STATEMENT
Title MENTOR AGRICULTURE: LEARNER'S BOOK, GRADE 10
260 ## - PUBLICATION, DISTRIBUTION, ETC.
Place of publication, distribution, etc. NAIROBI
Name of publisher, distributor, etc. MENTOR PUBLISHING CO. LTD
Date of publication, distribution, etc. 2025
300 ## - PHYSICAL DESCRIPTION
Extent II, 166P.
650 ## - SUBJECT ADDED ENTRY
Topical term or geographic name entry element AGRICULTURE-TEXTBOOK-STUDY AND TEACHING (SECONDARY)
700 ## - ADDED ENTRY--PERSONAL NAME
Personal name I. MUNYAO, PATRICK II. WAITHAKA , PATRICK
942 ## - ADDED ENTRY ELEMENTS (KOHA)
Source of classification or shelving scheme Library of Congress Classification
Koha item type Long Loan Book
Holdings
Withdrawn status Lost status Source of classification or shelving scheme Damaged status Not for loan Collection Home library Current library Date acquired Inventory number Total checkouts Full call number Barcode Date last seen Date last checked out Copy number Price effective from Koha item type
    Library of Congress Classification     Science & Technology Kisii University Library Kisii University Library 03/03/2026 112363 1 S 535 .W39 2025 V.10 000000013055 04/13/2026 03/30/2026 1 03/03/2026 Long Loan Book
    Library of Congress Classification     Science & Technology Kisii University Library Kisii University Library 03/03/2026 112364   S 535 .W39 2025 V.10 000000013056 03/03/2026   2 03/03/2026 Long Loan Book
    Library of Congress Classification     Science & Technology Kisii University Library Kisii University Library 03/03/2026 112365   S 535 .W39 2025 V.10 000000013057 03/03/2026   3 03/03/2026 Long Loan Book
    Library of Congress Classification     Science & Technology Kisii University Library Kisii University Library 03/03/2026 112366   S 535 .W39 2025 V.10 000000023183 03/03/2026   4 03/03/2026 Long Loan Book
    Library of Congress Classification     Science & Technology Kisii University Library Kisii University Library 03/03/2026 112367   S 535 .W39 2025 V.10 000000023182 03/03/2026   5 03/03/2026 Long Loan Book